<?xml version="1.0" encoding="UTF-8"?>
<record
    xmlns:xsi="http://www.w3.org/2001/XMLSchema-instance"
    xsi:schemaLocation="http://www.loc.gov/MARC21/slim http://www.loc.gov/standards/marcxml/schema/MARC21slim.xsd"
    xmlns="http://www.loc.gov/MARC21/slim">

  <leader>00862nam a2200253 a 4500</leader>
  <controlfield tag="001">000000150702</controlfield>
  <controlfield tag="003">IT-RoPau</controlfield>
  <controlfield tag="005">20220918181312.0</controlfield>
  <controlfield tag="008">130218s1993    it     | b   u00| u fre d</controlfield>
  <datafield tag="020" ind1=" " ind2=" ">
    <subfield code="a">8870882764</subfield>
  </datafield>
  <datafield tag="040" ind1=" " ind2=" ">
    <subfield code="a">IT-RoPUS</subfield>
    <subfield code="b">ita</subfield>
    <subfield code="c">IT-RoPUS</subfield>
  </datafield>
  <datafield tag="082" ind1="0" ind2="4">
    <subfield code="a">273.7</subfield>
    <subfield code="2">20</subfield>
  </datafield>
  <datafield tag="100" ind1="1" ind2=" ">
    <subfield code="a">Neveu, Bruno.</subfield>
    <subfield code="9">57007</subfield>
  </datafield>
  <datafield tag="245" ind1="1" ind2="2">
    <subfield code="a">L'erreur et son juge : </subfield>
    <subfield code="b">remarques sur les censures doctrinales &#xE0; l'&#xE9;poque moderne /</subfield>
    <subfield code="c">Bruno Neveu.</subfield>
  </datafield>
  <datafield tag="260" ind1=" " ind2=" ">
    <subfield code="a">Napoli :</subfield>
    <subfield code="b">Bibliopolis,</subfield>
    <subfield code="c">1993.</subfield>
  </datafield>
  <datafield tag="300" ind1=" " ind2=" ">
    <subfield code="a">758 p. ;</subfield>
    <subfield code="c">23 cm.</subfield>
  </datafield>
  <datafield tag="490" ind1="1" ind2=" ">
    <subfield code="a">Istituto italiano per gli studi filosofici.</subfield>
    <subfield code="a">Serie studi ;</subfield>
    <subfield code="v">12</subfield>
  </datafield>
  <datafield tag="504" ind1=" " ind2=" ">
    <subfield code="a">Bibliogr.</subfield>
  </datafield>
  <datafield tag="650" ind1=" " ind2="7">
    <subfield code="9">116325</subfield>
    <subfield code="a">Inquisizione</subfield>
    <subfield code="y">Sec. 17.-19.</subfield>
  </datafield>
  <datafield tag="650" ind1=" " ind2="7">
    <subfield code="9">116324</subfield>
    <subfield code="a">Censura teologica</subfield>
    <subfield code="y">Sec. 17.-19.</subfield>
    <subfield code="2">nsbncf</subfield>
  </datafield>
  <datafield tag="830" ind1=" " ind2="0">
    <subfield code="a">Istituto italiano per gli studi filosofici.</subfield>
    <subfield code="p">Serie studi ;</subfield>
    <subfield code="v">12.</subfield>
    <subfield code="9">35522</subfield>
  </datafield>
  <datafield tag="942" ind1=" " ind2=" ">
    <subfield code="a">BKS</subfield>
    <subfield code="c">BK</subfield>
  </datafield>
  <datafield tag="999" ind1=" " ind2=" ">
    <subfield code="c">108610</subfield>
    <subfield code="d">108610</subfield>
  </datafield>
</record>
